Rol de las Fuerzas Armadas Dominicana ante los incendios forestales, 2000-2009 / (Registro nro. 275)

Detalles MARC
000 -CABECERA
campo de control de longitud fija 01598nam a22002777a 4500
003 - IDENTIFICADOR DEL NÚMERO DE CONTROL
campo de control OSt
005 - FECHA Y HORA DE LA ÚLTIMA TRANSACCIÓN
campo de control 20190403220427.0
008 - DATOS DE LONGITUD FIJA--INFORMACIÓN GENERAL
campo de control de longitud fija 160223b xxu||||| |||| 00| 0 esp d
040 ## - FUENTE DE LA CATALOGACIÓN
Centro/agencia transcriptor DO-SdBHA
Centro catalogador/agencia de origen DO-SdBHA
Lengua de catalogación spa
090 ## - LOCALMENTE ASIGNADO TIPO-LC NÚMERO DE CLASIFICACIÓN (OCLC); NÚMERO DE CLASIFICACIÓN LOCAL (RLIN)
Número de clasificación (OCLC) (R) ; Numero de clasificación, CALL (RLIN) (NR) TG EGDDHHyDIH
Número cutter local (OCLC) ; Número de libro/Signatura topográfica íntegra, CALL (RLIN) 00271 2010
100 1# - ENTRADA PRINCIPAL--NOMBRE DE PERSONA
Nombre de persona Correa, Fabio
Término indicativo de función/relación sustentante
245 10 - MENCIÓN DE TÍTULO
Título Rol de las Fuerzas Armadas Dominicana ante los incendios forestales, 2000-2009 /
Mención de responsabilidad, etc. Fabio Correa; Maireni M. Batista Gautreaux; Neyda Cuevas Santana ; asesores Francisco Hidalgo Tous, Eddy Ceballos
260 ## - PUBLICACIÓN, DISTRIBUCIÓN, ETC.
Lugar de publicación, distribución, etc. Santo Domingo :
Nombre del editor, distribuidor, etc. INSUDE,
Fecha de publicación, distribución, etc. 2010
300 ## - DESCRIPCIÓN FÍSICA
Extensión ix, 100 hojas, ilustraciones
502 ## - NOTA DE TESIS
Nota de tesis Tesis (Especialidad en Derechos Humanos y Derecho Internacional Humanitario). -- Instituto Superior para la Defensa (INSUDE). Escuela de Graduados en Derechos Humanos y Derecho Internacional Humanitario, 2010
504 ## - NOTA DE BIBLIOGRAFÍA, ETC.
Nota de bibliografía, etc. Incluye referencias bibliográficas e índices
505 ## - NOTA DE CONTENIDO CON FORMATO
Nota de contenido con formato Incendios forestales y su clasificación. -- Participación del Ministerio de las Fuerzas Armadas Dominicanas frente a los incendios forestales. -- Planes y recurso del Ministerio de Medio Ambiente frente a los Incendios Forestales.<br/>
650 #4 - PUNTO DE ACCESO ADICIONAL DE MATERIA--TÉRMINO DE MATERIA
Término de materia o nombre geográfico como elemento de entrada Derechos Humanos -- Incendios Forestales
650 #4 - PUNTO DE ACCESO ADICIONAL DE MATERIA--TÉRMINO DE MATERIA
Término de materia o nombre geográfico como elemento de entrada Asistencia militar -- República Dominicana
700 1# - PUNTO DE ACCESO ADICIONAL--NOMBRE DE PERSONA
Nombre de persona Batista Gautreaux, Maireni M.
Término indicativo de función/relación sustentante
700 1# - PUNTO DE ACCESO ADICIONAL--NOMBRE DE PERSONA
Nombre de persona Cuevas Santana, Neyda
Término indicativo de función/relación sustentante
700 1# - PUNTO DE ACCESO ADICIONAL--NOMBRE DE PERSONA
Nombre de persona Hidalgo Tous, Francisco
Término indicativo de función/relación asesor
700 1# - PUNTO DE ACCESO ADICIONAL--NOMBRE DE PERSONA
Nombre de persona Ceballos, Eddy
Término indicativo de función/relación asesor
830 ## - PUNTO DE ACCESO ADICIONAL DE SERIE-TÍTULO UNIFORME
Título uniforme INSUDE. Escuela de Graduados en Derechos Humanos y Derecho Internacional Humanitario. Tesis y disertaciones académicas
942 ## - ELEMENTOS DE PUNTO DE ACCESO ADICIONAL (KOHA)
Fuente del sistema de clasificación o colocación Clasificación Local
Tipo de ítem Koha Tesis
Existencias
Estado de retiro Estado de pérdida Fuente del sistema de clasificación o colocación Estado dañado No para préstamo Código de colección Localización permanente Ubicación/localización actual Fecha de adquisición Número de inventario Total de préstamos Signatura topográfica completa Código de barras Fecha visto por última vez Número de copia Precio válido a partir de Tipo de ítem Koha
    Clasificación Local   Préstamo Interno Trabajos de Grado e Investigción SIBM UNADE - Biblioteca Sede Central SIBM UNADE - Biblioteca Sede Central 02/23/2016 10-00271   TG EGDDHHyDIH 00271 2010 10-00271 10/06/2018 e.1 02/23/2016 Tesis
© Copyright 2016. Universidad Nacional para la Defensa.Todos los derechos reservados.

 

Designed & Maintained by: https://www.sibdweb.com.do
Sistema de Información & Bibliotecas (SIBD). Contact: pbrito2005@gmail.com